1537 1681 1523 1903 1260 1019 1821 2000 1994 1394 1050 1969 1789 1465 1160 1882 1350 1457 1915 1247 1735 1933 1319 1948 1718 1049 1694 1522 1581 1496 1709 1439 1941 1933 1257 1029 1447 1548 1894 1078 1836 1379 1147 1011 1888 1470 1887 1656 1806 1682 1769 1055 1674 1982 1097 1178 1188 1463 1458 1063 1984 1942 1442 1696 1185 1311 1089 1169 1970 1330 1211 1001 1065 1736 1940 1869 1332 1792 1408 1023 1866 1548 1701 1717 1870 1738 1555 1481 1203 1143 1016 1065 1824 1124 1345 1827 1482 1164 1092 BCNSPRNW ULIB Ver.6.0+V

เปลี่ยนเป็นภาษาไทย

Change to English
 แสดงรายละเอียดบรรณานุกรม
  กลับหน้าหลัก

Brief Record : Get Marc (ISO 2709) : E-mail record : QR code < ปิดหน้าต่าง
LEADER : 00000nam 2200000uu 4500
001    13399108978
003     ULIB
008    110317s2545||||th 000 0 tha d
020    9749054369 (ล.1)
060 04 WA100^bส794ร ล.1 2545
245 00 รวมพลังสร้างสุข/^cสุทธิสิทธิ์ ไมตรีจิตร์
250    พิมพ์ครั้งที่ 1
260    กรุงเทพฯ :^bสำนักงานปฏิรูประบบสุขภาพแห่งชาติ (สปรส.)และโครงการสวัสดิการวิชาการ สถาบันพระบรมราชชนก,^c2545
300     เล่ม 2 :^bภาพประกอบ ;^c21 ซม.
650  7 การมีส่วนร่วมทางสังคม
650  7 การส่งเสริมสุขภาพ^zไทย
650  7 กลุ่มสังคม
650  7 เศรษฐกิจพอเพียง
650  7 สาธารณสุขมูลฐาน
650  7 สุขภาพ^xการมีส่วนร่วมของประชาชน
650  7 อนามัยชุมชน
700 0  สุทธิสิทธิ์ ไมตรีจิตร์
700 0  อำพล จินดาวัฒนะ
710 2  สำนักงานปฏิรูประบบสุขภาพแห่งชาติ
710 2  สถาบันพระบรมราชชนก. ^bโครงการสวัสดิการวิชาการ
945    ^p100^l0^i018992
945    ^p100^l0^i024938
945    ^p100^l0^i024937
945    ^p100^l0^i015148
945    ^p100^l0^i024936
995    ทศพร
999 ^a ใช้งานได้ทุกระบบ
รายการนี้ยังไม่มีแท็ก
คุณยังไม่ได้ล็อกอิน คุณสามารถมีกิจกรรมร่วมกับเว็บไซต์ได้ แต่ต้องล็อกอินก่อน ::
  ล็อกอิน

รายการสื่อสารสนเทศ

ลำดับที่ ประเภท เลขเรียก/บาร์โค้ด สถานที่ สถานะ
- ไม่พบข้อมูล -

รายการใกล้เคียง
    หัวเรื่อง [การมีส่วนร่วมทางสังคม]
    หัวเรื่อง [กลุ่มสังคม]
    หัวเรื่อง [เศรษฐกิจพอเพียง]
    หัวเรื่อง [สาธารณสุขมูลฐาน]
    หัวเรื่อง [อนามัยชุมชน]

BibComment


ยังไม่เคยถูกคอมเมนท์

คอมเมนท์ทรัพยากรรายการนี้
  คอมเมนท์: รวมพลังสร้างสุข ส..


 Copyright 2026. Bcnsprnw @Library